| 000 -CABECERA |
| Longitud fija campo de control |
00609nam a2200217za 4500 |
| 001 - NÚMERO DE CONTROL |
| Número de control |
6678 |
| 003 - IDENTIFICADOR DEL NÚMERO DE CONTROL |
| Identificador del número de control |
OSt |
| 005 - FECHA Y HORA DE LA ÚLTIMA TRANSACCIÓN |
| Fecha y hora de la última transacción |
20131204132724.0 |
| 007 - CAMPO FIJO DE DESCRIPCIÓN FÍSICA |
| Campo fijo de descripción f&íacute;sica |
ta |
| 008 - CÓDIGOS DE INFORMACIÓN DE LONGITUD FIJA |
| Códigos de información de longitud fija |
131204s2011 esp||||| |||| 00| 0 spa d |
| 020 ## - NÚMERO INTERNACIONAL NORMALIZADO PARA LIBROS |
| Número Internacional Normalizado para Libros (ISBN) |
9788488067135 |
| 024 ## - OTROS IDENTIFICADORES NORMALIZADOS |
| Fuente del número o código |
DL |
| Número normalizado o código |
SE3872011 |
| 040 ## - FUENTE DE LA CATALOGACIÓN |
| Centro catalogador de origen |
CDMR |
| Lengua de catalogación |
cat |
| Centro transcriptor |
CDMR |
| 100 1# - PUNTO DE ACCESO PRINCIPAL-NOMBRE DE PERSONA |
| 9 (RLIN) |
466 |
| Nombre de persona |
Checa, Antonio |
| 245 10 - MENCIÓN DE TÍTULO |
| Título |
Prensa y partidos políticos durante la II República |
| Mención de responsabilidad, etc. |
Antonio Checa Godoy |
| 260 ## - PUBLICACIÓN, DISTRIBUCIÓN, ETC. (PIE DE IMPRENTA) |
| Lugar de publicación, distribución, etc. |
Sevilla |
| Nombre del editor, distribuidor, etc. |
Centro Andaluz del Libro |
| Fecha de publicación, distribución, etc. |
2011 |
| 300 ## - DESCRIPCIÓN FÍSICA |
| Extensión |
583 p. |
| 490 ## - MENCIÓN DE SERIE |
| Mención de serie |
Documentos Andalucía |
| Designación de volumen o secuencia |
10 |
| 650 04 - PUNTO DE ACCESO ADICIONAL DE MATERIA - TÉRMINO DE MATERIA |
| 9 (RLIN) |
4090 |
| Término de materia o nombre geográfico como elemento inicial |
Premsa i política |
| Subdivisión geográfica |
Espanya |
| Subdivisión de materia general |
1930-1939 |
| 942 ## - ENTRADA DE ELEMENTOS AGREGADOS (KOHA) |
| Fuente de clasificaión o esquema |
|
| Koha [por defecto] tipo de item |
Monografies |